La poesía en las revistas de Castilla-La Mancha (Record no. 47695)

MARC details
000 -LEADER
campo de control de longitud fija 00865nam a2200229 i 4500
001 - NÚMERO DE CONTROL
campo de control 47695
003 - IDENTIFICADOR DE NÚMERO DE CONTROL
campo de control ES-MaACL
005 - FECHA Y HORA DE LA ÚLTIMA TRANSACCIÓN
campo de control 20230906161619.0
007 - CAMPO FIJO DE DESCRIPCIÓN FÍSICA--INFORMACIÓN GENERAL
campo de control de longitud fija t|
008 - DATOS DE LONGITUD FIJA--INFORMACIÓN GENERAL
campo de control de longitud fija 030519s1998 sp ||||0| spa j
020 ## - NÚMERO INTERNACIONAL ESTÁNDAR DEL LIBRO
Número Internacional Estándar del Libro 84-95192-07-1
040 ## - FUENTE DE CATALOGACIÓN
Centro catalogador/agencia de origen M-BN
Lengua de catalogación spa
Centro/agencia transcriptor M-BN
080 ## - NÚMERO DE LA CLASIFICACIÓN DECIMAL UNIVERSAL
Número de la Clasificación Decimal Universal 82-1(05)(460.28)"19"
100 1# - ENTRADA PRINCIPAL--NOMBRE DE PERSONA
Nombre de persona Priego, Hilario.
9 (RLIN) 93860
245 13 - MENCIÓN DEL TÍTULO
Título La poesía en las revistas de Castilla-La Mancha
Resto del título : 1939-1975 /
Mención de responsabilidad, etc. [Hilario Priego Sánchez-Morate, José Antonio Silva Herranz].
260 ## - PUBLICACIÓN, DISTRIBUCIÓN, ETC.
Lugar de publicación, distribución, etc. Cuenca :
Nombre del editor, distribuidor, etc. Diputación de Cuenca, Area de Cultura,
Fecha de publicación, distribución, etc. [1998]
300 ## - DESCRIPCIÓN FÍSICA
Extensión 232, [138] p :
Otras características físicas il. col. y n ;
Dimensiones 25 cm.
650 #4 - PUNTO DE ACCESO ADICIONAL DE MATERIA--TÉRMINO DE MATERIA
Término de materia o nombre geográfico como elemento de entrada Poesía-
Subdivisión de forma Publicaciones periódicas-
Subdivisión geográfica Castilla-La Mancha-
Subdivisión cronológica S.XX.
9 (RLIN) 16153
700 1# - ENTRADA AGREGADA--NOMBRE PERSONAL
Nombre de persona Silva Herranz, José Antonio.
9 (RLIN) 106398
710 1# - ENTRADA AGREGADA--NOMBRE DE ENTIDAD CORPORATIVA
Nombre de entidad corporativa o nombre de jurisdicción como elemento de entrada Cuenca (Provincia).
Unidad subordinada Diputación Provincial.
9 (RLIN) 3346
852 ## - LOCALIZACIÓN
Ubicación ES-MaACL
Número de control de estantería L-26342
Sublocalización o colección R.131416
Holdings
Estatus retirado Estado de pérdida Estado de daño No para préstamo Biblioteca de origen Biblioteca actual Ubicación en estantería Fecha de adquisición Fuente de adquisición Total de préstamos Signatura topográfica completa Código de barras Visto por última vez Precio de reemplazo Tipo de ítem Koha
        Biblioteca del Ateneo de Madrid Biblioteca del Ateneo de Madrid Depósito 2 17/01/2008     L-26342 1050186 23/02/2023 23/02/2023 Libro impreso